000 00443cam a2200181ua 4500
020 _c12.00
041 _ahin
_h
082 _a891.54
_bRAN/PR
100 _aRangay, Ragav .
245 _aPracheen bharatiya parampara aur ithihas /
_cRangay ragav.
_hTextual Documents
250 _a1 /
_b.
260 _a :
_bAtmaram and Sons ,
_c1953.
300 _a514 ; .
365 _a12.00
504 _a
942 _cBK
999 _c8381
_d8381